story time / (رقم التسجيلة. 45011)

تفاصيل مارك
000 -LEADER
fixed length control field 00448nam a22001817a 4500
005 - DATE AND TIME OF LATEST TRANSACTION
control field 20251108170624.0
008 - FIXED-LENGTH DATA ELEMENTS--GENERAL INFORMATION
fixed length control field 250721s1974 xx 000 0 eng d
082 14 - DEWEY DECIMAL CLASSIFICATION NUMBER
Classification number j/f/sch
100 1# - MAIN ENTRY--PERSONAL NAME
Personal name schonell, fred J
245 10 - TITLE STATEMENT
Title story time /
250 ## - EDITION STATEMENT
Edition statement 2nd
264 1# - PRODUCTION, PUBLICATION, DISTRIBUTION, MANUFACTURE, AND COPYRIGHT NOTICE
Place of production, publication, distribution, manufacture edinburgh :
Name of producer, publisher, distributor, manufacturer oliver and boyd,
Date of production, publication, distribution, manufacture, or copyright notice 1974.
300 ## - PHYSICAL DESCRIPTION
Extent 47 p : ill
490 0# - SERIES STATEMENT
Series statement happy venture , play book one
650 17 - SUBJECT ADDED ENTRY--TOPICAL TERM
Topical term or geographic name as entry element english fiction
942 ## - ADDED ENTRY ELEMENTS (KOHA)
Source of classification or shelving scheme Dewey Decimal Classification
Koha item type كتب
المقتنيات
حالة السحب حالة الفقدان مصدر التصنيف حالة التلف غير قابل للإعارة المكتبة الرئيسية المكتبة الحالية موقع الرف تاريخ التزويد الرقم المتسلسل Total Checkouts رقم الإستدعاء الباركود تاريخ آخر ظهور تاريخ الفاتورة نوع المادة (كوها)
    Dewey Decimal Classification     مكتبة البشائر للأطفال مكتبة البشائر للأطفال الأطفال 02/06/2015 528228   j/f/sch PLD00328732 28/07/2025 02/06/2015 كتب
    Dewey Decimal Classification     مكتبة البشائر للأطفال مكتبة البشائر للأطفال الأطفال 02/06/2015 528172   j/f/sch PLD00328750 28/07/2025 02/06/2015 كتب
    Dewey Decimal Classification     مكتبة البشائر للأطفال مكتبة البشائر للأطفال الأطفال 02/06/2015 528174   j/f/sch PLD00328754 28/07/2025 02/06/2015 كتب
    Dewey Decimal Classification     مكتبة البشائر للأطفال مكتبة البشائر للأطفال الأطفال 02/06/2015 528172   j/f/sch PLD00328756 28/07/2025 02/06/2015 كتب
Implemented & Customized by: BBB with SCIT (Smart Chains for Information Technology)

Powered by Koha